6-Letter Capitals Quiz Stats

 Plays Quiz Updated Apr 18, 2019

Score 0/45 Timer 08:00
0 Plays Today
First Letter City % Correct
LLondon
92%
MMadrid
87.1%
BBerlin
86.1%
MMoscow
85.5%
LLisbon
83.1%
WWarsaw
82.6%
OOttawa
79.5%
DDublin
78.2%
AAthens
77.5%
AAnkara
74.9%
VVienna
74.6%
ZZagreb
74.1%
PPrague
67.6%
HHavana
65.9%
TTehran
64.1%
BBogotá
64%
MManila
61%
MMonaco
58.5%
BBeirut
56.6%
RRiyadh
54.4%
LLuanda
53.6%
HHarare
53.4%
TTaipei
53.1%
First Letter City % Correct
TTirana
52.7%
MMuscat
51.8%
MMaputo
50.6%
LLusaka
49.5%
MManama
49.1%
KKigali
48.5%
SSkopje
47%
NNassau
45.9%
BBamako
45.9%
AAsmara
45.5%
BBanjul
44.9%
BBangui
44.8%
DDodoma
42.9%
MMaseru
41.5%
NNiamey
41.2%
MMoroni
39.8%
BBissau
39.7%
MMalabo
39.5%
MMajuro
39%
RRoseau
36.8%
TTarawa
33.8%
GGitega
27.6%

You're not logged in!

Compare scores with friends on all Sporcle quizzes.
OR
Log In

Sporcle TV

Today on Sporcle TV


Watch our educational content, quiz creation guides, and fun videos on Sporcle TV.

Show Comments

Extras

Top Quizzes Today


Score Distribution

Your Account Isn't Verified!

In order to create a playlist on Sporcle, you need to verify the email address you used during registration. Go to your Sporcle Settings to finish the process.

Report this User

Report this user for behavior that violates our Community Guidelines.

Details: